000 00553nam a2200181 i 4500
001 bg
245 0 _aKatalog Nakładów Rzeczowych nr 7-07 /
_cMin. Budownictwa, Gospodarki Przestrzennej i Komunalnej ; [Inst. Organizacji, Zarządzania i Ekonomiki Przemysłu Budowlanego ORGBUD.
250 _aWyd.4.
254 _aKNR7-07
260 _aWarszawa :
_bWydawnictwa Akcydensowe,
_c1987.
650 9 _apompy
650 9 _asprężarki
650 9 _amontaż
040 _cBPK
041 _apl
942 _cKA
008 s pl f |000 0 pol
999 _c24106
_d24106
856 _uhttp://koha.tu.koszalin.pl/cgi-bin/koha/opac-detail.pl?biblionumber=24106
_yKatalog online BPK